[Event "Dortmund Sparkassen op-B 44th"]
[Site "Dortmund"]
[Date "2016.07.16"]
[Round "8"]
[White "Diegel, Jonas"]
[Black "Kronenberg, Juergen"]
[Result "1-0"]
[WhiteElo "1577"]
[BlackElo "1617"]
[PlyCount "49"]
[EventDate "2016.07.09"]
[EventType "swiss"]
[EventRounds "9"]
[EventCountry "GER"]
[SourceTitle "CBM 173 Extra"]
[Source "ChessBase"]
[SourceDate "2016.08.29"]
[SourceVersion "1"]
[SourceVersionDate "2016.08.29"]
[SourceQuality "1"]

1. f4 Nf6 2. Nf3 g6 3. e3 Bg7 4. d4 d6 5. c3 0-0 6. Bd3 Re8 7. 0-0 Bf5 8. Qc2 Bxd3 9. Qxd3 Qd7 10. e4 e5 11. Re1 Nh5 12. fxe5 dxe5 13. Rf1 exd4 14. cxd4 Nc6 15. d5 Ne5 16. Qc2 Qd6 17. Nxe5 Bxe5 18. g3 Bd4+ 19. Kg2 Qe5 20. Re1 Rad8 21. Nd2 Rxd5 22. Nf3 Rc5 23. Qd3 Qd6 24. Nxd4 Rd5 25. Be3 1-0